Statistiques concernant Personnages de la mythologie antique en image

Cliquez ici pour prendre le quiz!

Statistiques générales

  • Ce quiz a été pris 47 fois
  • Le résultat moyen est 10 sur 16

Statistiques - réponses

Réponse% Correct
Athéna / Minerve
98%
Poséidon / Neptune
90%
Méduse
85%
Pandore
80%
Zeus / Jupiter
80%
Apollon
78%
Pégase
78%
Aphrodite / Vénus
70%
Narcisse
68%
Hercules / Héraclès
65%
Hermès / Mercure
55%
Sisyphe
55%
Artémis / Diane
53%
Prométhée
45%
Perséphone / Proserpine
28%
Les trois Parques
23%

Distribution des résultats

Percentile par nombre de réponses

% des personnes avec chaque résultat

Votre développement - résultats

Vous n’avez pas pris ce quiz